| 000 | 00542nam a22001817a 4500 | ||
|---|---|---|---|
| 005 | 20170811104059.0 | ||
| 010 | _aENG-119630 | ||
| 020 |
_a9787823020105 _c115.00 |
||
| 035 | _aEN-103162 | ||
| 037 | _bDBAD/PUB | ||
| 082 | _a921 | ||
| 100 | _aViyogi,Hari | ||
| 245 |
_aBuilders of modern India : _cby Viyogi Hari _bThakkar Bapa/ |
||
| 260 |
_aNew Delhi _bPublications Division _c2015 |
||
| 270 | _aSoochna Bhawan, CGO Complex, Lodhi Road. New Delhi-110003 | ||
| 300 |
_a164p _c22cm.(pbk) |
||
| 942 |
_2ddc _cEN _h921 _mTHA |
||
| 999 |
_c143253 _d143253 |
||